000 00887cam a22002054a 4500
005 20250605164003.0
008 250528s ||||||||||||||||||||||||d
035 _a15724
020 _a70376875
040 _aGR-AtMCL
_bgre
_dGR-AtMCL
_eAACR2
245 1 _aInternational Finance / The Markets and Financial Management of Multinational Business
250 _a3rd
260 _bMcgraw Hill, Inc,
_c1996
300 _a632
520 _aPreface, The World of International Finance, The Markets for Foreign Exchange, Determination of Exchange Rates, The Fundamental International Parity Conditions, Managing Foreign Exchange Risk and Exposure, International Investment and Financing, Institutional Structure of International Trade and Finance, Summary, Bibliography, Name and Subject Index.
700 1 _aLevi D. Maurice
_91691
942 _cBK
999 _c1280
_d1280